Recent advances in gel permeation chromatography (1981 reviews) (Record no. 66403)

MARC details
000 -LEADER
fixed length control field 00371nam a2200133Ia 4500
100 ## - MAIN ENTRY--AUTHOR NAME
Personal name Ouano A C
245 #0 - TITLE STATEMENT
Title Recent advances in gel permeation chromatography (1981 reviews)
260 ## - PUBLICATION, DISTRIBUTION, ETC. (IMPRINT)
Name of publisher Rubber Chemistry and Technology
Year of publication 1981
300 ## - PHYSICAL DESCRIPTION
Number of Pages 535-575
650 ## - SUBJECT ADDED ENTRY--TOPICAL TERM
Topical Term 1981 reviews
650 ## - SUBJECT ADDED ENTRY--TOPICAL TERM
Topical Term Chromatography
942 ## - ADDED ENTRY ELEMENTS (KOHA)
Koha item type Journals
Holdings
Withdrawn status Lost status Damaged status Not for loan Home library Current library Shelving location Date acquired Serial Enumeration / chronology Koha item type
      Journals RRII Library RRII Library Rubber chemistry 17/12/2021 Volume 54, Issue 3 Journals